Psicología y criminología : (Registro nro. 5148)

Detalles MARC
000 -CABECERA
campo de control de longitud fija 00536nam a22001937a 4500
003 - IDENTIFICADOR DEL NÚMERO DE CONTROL
campo de control AR-RoIUNI
005 - FECHA Y HORA DE LA ÚLTIMA TRANSACCIÓN
campo de control 20200204165843.0
008 - DATOS DE LONGITUD FIJA--INFORMACIÓN GENERAL
campo de control de longitud fija 200204b xxu||||| |||| 00| 0 spa d
040 ## - FUENTE DE LA CATALOGACIÓN
Centro/agencia transcriptor AR-RoIUNI
080 ## - NÚMERO DE LA CLASIFICACIÓN DECIMAL UNIVERSAL
Número de la Clasificación Decimal Universal 159.9
100 ## - ENTRADA PRINCIPAL--NOMBRE DE PERSONA
Nombre de persona Lupi, Agostina
245 ## - MENCIÓN DE TÍTULO
Título Psicología y criminología :
Resto del título la categoria asesinos en serie, por Robert K. Ressler /
Mención de responsabilidad, etc. Agostina Lupi; [directora] Ana Rapp.
260 ## - PUBLICACIÓN, DISTRIBUCIÓN, ETC. (PIE DE IMPRENTA)
Fecha de publicación, distribución, etc. 2019
500 ## - NOTA GENERAL
Especificación de materiales tifo
650 ## - PUNTO DE ACCESO ADICIONAL DE MATERIA--TÉRMINO DE MATERIA
Fuente del encabezamiento o término Psicología
650 ## - PUNTO DE ACCESO ADICIONAL DE MATERIA--TÉRMINO DE MATERIA
Fuente del encabezamiento o término Criminología
700 ## - PUNTO DE ACCESO ADICIONAL--NOMBRE DE PERSONA
Código de función/relación Directora
Nombre de persona Rapp, Ana
942 ## - ELEMENTOS DE PUNTO DE ACCESO ADICIONAL (KOHA)
Fuente del sistema de clasificación o colocación Clasificación Decimal Universal
Tipo de ítem Koha Libros
Existencias
Estado de retiro Estado de pérdida Fuente del sistema de clasificación o colocación Estado dañado Restricciones de uso Excepción de préstamo Código de colección Localización permanente Ubicación/localización actual Ubicación en estantería Fecha de adquisición Fuente de adquisición Número de inventario Total de préstamos Signatura topográfica completa Código de barras Fecha visto por última vez Precio válido a partir de Tipo de ítem Koha Nota pública
    Clasificación Decimal Universal   Consulta en biblioteca No sale Tesis BIBLIOTECA RIOBAMBA BIBLIOTECA RIOBAMBA BIBLIOTECA RIOBAMBA 04/02/2020 Donación 6739   159.9 LUP 6739 04/02/2020 04/02/2020 TIFO 2019